Missing Word: Movie 'Time' Quiz Stats

 Plays Quiz Updated Jul 29, 2017

Support Sporcle.
Go Orange.
Score 0/20 Timer 03:00
0 Plays Today
Movie Title (year) Missing Word % Correct
Fast Times at Ridgemont _____ (1982)High
90.9%
The Time of Their _____ (1946)Lives
89.8%
Same Time, Next _____ (1978)Year
86.8%
Hot _____ Time Machine (2010)Tub
86%
Time _____ Time (1979)After
85.7%
The Land That Time _____ (1974)Forgot
83.8%
The Time Traveler's _____ (2009)Wife
83.8%
The Time _____ (1960)Machine
74.5%
A Time To _____ (1996)Kill
70.6%
Once Upon a Time in the _____ (1968)West
67.9%
Movie Title (year) Missing Word % Correct
Love in the Time of _____ (2007)Cholera
66.4%
Once Upon a Time in _____ (2003)Mexico
62.5%
Prince of Persia: The _____ of Time (2010)Sands
54.3%
Once Upon a Time in _____ (1984)America
50.6%
_____ Times (1936)Modern
46.7%
Time _____ (1981)Bandits
40.1%
_____ of Time (1995)Nick
30.3%
_____ in Time (1980)Somewhere
24%
No Time for _____ (1958)Sergeants
22.9%
_____ Time (1936)Swing
17.9%

Today's Daily Dose

You're not logged in!

Compare scores with friends on all Sporcle quizzes.
OR
Log In
Forgot?

From the Vault

Thank You For Calling...

by Hejman

Thank you for calling _____. Press 1 for mentally stimulating conversations.
Remove Ads.
Support Sporcle.
Get the best of Sporcle when you Go Orange. This ad-free experience offers more features, more stats, and more fun while also helping to support Sporcle. Thank you for becoming a member.

Show Comments

Extras

Top Quizzes Today


Score Distribution

Your Account Isn't Verified!

In order to create a playlist on Sporcle, you need to verify the email address you used during registration. Go to your Sporcle Settings to finish the process.

Report this User

Report this user for behavior that violates our Community Guidelines.

Details: